| 000 | 00937nam a2200241Ii 4500 | ||
|---|---|---|---|
| 003 | JO-AjNU | ||
| 008 | 230605s9999||||xx |||||||||||||| ||und|| | ||
| 017 | _a1980/3194 | ||
| 020 | _a977-201-852-7 | ||
| 040 |
_aJO-AjNU _bara _erda _cJO-AjNU |
||
| 041 | _aara | ||
| 050 | 1 | 4 | _aK5431.J3588.1980 |
| 100 | 3 |
_a بدر ، جمال مرسى , _eauthor _946582 |
|
| 245 | 0 | 0 | _aالنيابة في التصرفات القانونية طبيعتها وأحكامها وتنازع القوانين فيها |
| 250 | _aط3 | ||
| 264 | 3 | 1 | _aالقاهرة : الهيئة المصرية العامة للكتاب ، 1980 |
| 300 |
_a492ص _bيشتمل على ببلوغرافيا المراجع ص ( 472 - 485 ) |
||
| 336 |
_atext _btxt _2rdacontent |
||
| 337 |
_aunmediated _bn _2rdamedia |
||
| 338 |
_avolume _bnc _2rdacarrier |
||
| 490 | 0 | _a سلسلة الكتب الجديدة | |
| 650 | 4 |
_aعقود نيابية -- قانون _946583 |
|
| 999 |
_aA20276 _c23844 _d23844 |
||